[Event "Subang Jaya op 12th"]
[Site "Subang Jaya"]
[Date "2024.01.28"]
[Round "5"]
[White "Adlan, Harris Danial"]
[Black "Chow, Yi Chen"]
[Result "0-1"]
[WhiteElo "1262"]
[BlackElo "1511"]
[PlyCount "98"]
[EventDate "2024.01.27"]
[EventType "swiss"]
[EventRounds "8"]
[EventCountry "MAS"]
[SourceTitle "CB06_2024"]
[SourceDate "2024.02.07"]
[SourceVersion "1"]
[SourceVersionDate "2024.02.07"]
[SourceQuality "1"]

1. Nf3 Nf6 2. c4 g6 3. g3 Bg7 4. Bg2 0-0 5. 0-0 d6 6. Nc3 Nbd7 7. d4 e5 8. e3 c6 9. Ne1 Nh5 10. g4 Nhf6 11. h3 Ne8 12. f4 exd4 13. exd4 f5 14. g5 Nc7 15. Nc2 Re8 16. Re1 Nb6 17. Rxe8+ Qxe8 18. c5 dxc5 19. dxc5 Nd7 20. Be3 Ne6 21. Na4 Qe7 22. Qd6 Bf8 23. Qxe7 Bxe7 24. b4 a5 25. a3 Nc7 26. Bf1 Kf8 27. Bc4 axb4 28. axb4 Nb8 29. Nb6 Rxa1+ 30. Nxa1 Be6 31. Bxe6 Nxe6 32. Nc2 Bd8 33. Kf2 Bc7 34. Kf3 Bxb6 35. cxb6 Nd7 36. Nd4 Nxd4+ 37. Bxd4 Ke7 38. Ke3 Ke6 39. Kd3 Kd5 40. h4 c5 41. bxc5 Nxc5+ 42. Kc3 Ne6 43. Be5 Ke4 44. Kc4 Nxf4 45. Bxf4 Kxf4 46. Kd5 Kg3 47. Kd6 f4 48. Kc7 f3 49. Kxb7 f2 0-1

[Event "Subang Jaya op 12th"]
[Site "Subang Jaya"]
[Date "2024.01.27"]
[Round "2"]
[White "Chow, Yi Chen"]
[Black "Govindaraju, Arvind"]
[Result "1-0"]
[WhiteElo "1511"]
[BlackElo "1267"]
[PlyCount "87"]
[EventDate "2024.01.27"]
[EventType "swiss"]
[EventRounds "8"]
[EventCountry "MAS"]
[SourceTitle "CB06_2024"]
[SourceDate "2024.02.07"]
[SourceVersion "1"]
[SourceVersionDate "2024.02.07"]
[SourceQuality "1"]

1. e4 c5 2. Nf3 Nc6 3. d4 cxd4 4. Nxd4 e5 5. Nb5 d6 6. N1c3 a6 7. Na3 h6 8. Be2 Nf6 9. Bf3 Be7 10. 0-0 0-0 11. Be3 b5 12. Nd5 Nxd5 13. Qxd5 Qc7 14. c3 Bb7 15. Qd2 Rfd8 16. Rfd1 Na5 17. Qc2 Rac8 18. Rac1 Nc4 19. Nxc4 Qxc4 20. b3 Qe6 21. h3 Qg6 22. Qd3 d5 23. exd5 f5 24. Qb1 e4 25. Be2 Bxd5 26. c4 bxc4 27. Bxc4 Bxc4 28. Rxd8+ Bxd8 29. bxc4 Qf7 30. c5 f4 31. Bd4 Qg6 32. Qb7 Rc7 33. Qd5+ Kh7 34. Qxd8 f3 35. g3 Rf7 36. c6 Qh5 37. Kh2 e3 38. Bxe3 g5 39. c7 g4 40. h4 Rxc7 41. Rxc7+ Kg6 42. Qd6+ Kf5 43. Rc5+ Ke4 44. Qd4# 1-0